000 00603nam a2200229Ia 4500
003 OSt
005 20220916110919.0
006 a|||||r|||| 00| 0
007 ta
008 220915b |||||||| |||| 00| 0 hin d
024 _a215429
037 _cTextbook
040 _bhin
_aARTS
_cARTS
041 _ahin
082 _aO9, 152HO
100 _aजोशी, इलाचंद्
245 0 _aसाहित्य-सर्जन
246 _aSāhitya-sarjana
260 _c1940
942 _hO9, 152HO
_cTB
_2CC
999 _c101248
_d101248